Teen horizons at home and school /

Bibliographic Details
Main Author: Lewis, Dora S.
Other Authors: Banks, Anna K., Banks, Marie
Format: Book
Language:English
Published: New York : London : Macmillan ; Collier Macmillan, 1970.
Series:Macmillan family life series.
Subjects:

MARC

Tag First Indicator Second Indicator Subfields
LEADER 00000cam a2200000 i 4500
001 in00000044235
005 20151007071033.0
008 781130s1970 nyua 00010 eng d
035 |a (OCoLC)04407766 
035 |9 AAE5197AM 
040 |a ECO  |c ECO  |d TXA  |d UtOrBLW 
049 |a [Curr Col] TXAM  |c 1 [970548], 2 [1631940], 3 [1631941], 4 [1115345], 5 [1115346] 
090 |a TX147  |b .L4 1970 
100 1 |a Lewis, Dora S. 
245 1 0 |a Teen horizons at home and school /  |c Dora S. Lewis, Anna K. Banks, Marie Banks. 
264 1 |a New York :  |b Macmillan ;  |a London :  |b Collier Macmillan,  |c 1970. 
300 |a xiii, 480 pages :  |b illustrations ;  |c 24 cm. 
336 |a text  |b txt  |2 rdacontent 
337 |a unmediated  |b n  |2 rdamedia 
338 |a volume  |b nc  |2 rdacarrier 
490 1 |a The Macmillan family life series 
500 |a 1960 edition entitled Tomorrow's homemakers. 
500 |a Gr. 7-12. 
500 |a Includes index. 
650 0 |a Home economics. 
650 0 |a Adolescence. 
700 1 |a Banks, Anna K. 
700 1 |a Banks, Marie. 
830 0 |a Macmillan family life series. 
999 |a MARS 
999 f f |s cc6c2f36-6747-3f66-93ac-ac7a4b0ae7f4  |i 398ab1ef-523b-3084-8db4-ac9436070bbf  |t 0 
952 f f |p ric  |a Texas A&M University  |b Rellis Campus  |c Joint Library Facility  |d Remote Storage  |t 0  |e TX147 .L4 1970  |h Library of Congress classification  |i unmediated -- volume  |m A14800263760 
998 f f |a TX147 .L4 1970  |t 0  |l Remote Storage